Statistics for NBA Top 11 Stars Over 30 Years Old

Click here to take the quiz!

General Stats

  • This quiz has been taken 18 times
  • The average score is 7 of 11

Answer Stats

Age Pos Answer % Correct
34SF/PFLeBron James
100%
30SG/PGJames Harden
82%
30PGRussell Westbrook
82%
31PGStephen Curry
76%
34PGChris Paul
71%
34PF/CLaMarcus Aldridge
65%
33PGKyle Lowry
65%
30SGDeMar DeRozan
53%
30PFBlake Griffin
53%
31PGMike Conley
47%
33C/PFAl Horford
35%

Score Distribution

Percentile by Number Answered

Percent of People with Each Score

Your Score History

You have not taken this quiz